Hrad Vršatec

Zobrazenie: V bielom orámovaní pohľad na zrúcaninu hradu Vršatec na úpätí Vršateckých bradiel

Podrobná bibliografia
Ďalší autori: Měchura (fotograf) (Fotograf)
Médium: Pohľadnica
Jazyk:slovenčina
Fyzický popis:1 pohľadnica tónovaná do hneda 9 x 14 cm
Vydavateľské údaje: Pruske Potravné družstvo [medzi 1920 a 1952?]
Predmet:

MARC

LEADER 00000nkm a2200000 a 4500
001 vtls011999100
003 SK-MaSNL
005 20260512124401.0
007 kp ao
008 231121q1920 xo g k|slo
015 |a SNBG 
035 |a urn:nbn:sk:snk-km00fanc 
035 |a urn:nbn:sk:snk-km45tdy 
035 |a 12BF86A8-2109-4D36-A293-77214799CE9C 
040 |a SNK  |b slo  |c SNK  |e AACR2 
041 0 |a slo 
043 |a e-xo--- 
044 |a xo  |c SK 
072 7 |a 908(437)  |x Vlastiveda Česka a Slovenska  |2 konspekt 
080 |a 908(437.6)  |2 2011 
080 |a (084.121)  |2 2011 
080 |a 904:72/7.025.21  |2 2011 
080 |a (234.372)  |2 2011 
080 |a 728.81  |2 2011 
100 1 |a Měchura  |c (fotograf)  |4 pht  |9 566170 
245 1 0 |a Hrad Vršatec  |h grafika  |c Foto Měchura 
260 |a Pruske  |b Potravné družstvo  |c [medzi 1920 a 1952?] 
300 |a 1 pohľadnica  |b tónovaná do hneda  |c 9 x 14 cm 
500 |a Názvové údaje prevzaté z obrazovej časti pohľadnice 
520 8 |a Zobrazenie: V bielom orámovaní pohľad na zrúcaninu hradu Vršatec na úpätí Vršateckých bradiel 
610 2 7 |a Vršatec (Vršatské Podhradie, Slovensko : hrad)  |2 SNKKA  |9 165112 
650 0 7 |a hrady  |2 SNKPH  |9 3039 
650 0 7 |a zrúcaniny historických objektov  |2 SNKPH  |9 105150 
651 7 |a Vršatské bradlá (Biele Karpaty, Slovensko)  |2 SNKPHgeo  |9 172001 
655 7 |a geografické pohľadnice  |2 SNKPH  |9 70522 
852 |a Slovenská národná knižnica 
958 |a GBN 
958 |a OND 
958 |a GC 
958 |a EUIPO 
999 |c 868280  |d 870210 
952 |a SNK  |b SNK  |y PREZ  |7 0  |p 17A1378292  |o snkSP 94505  |z Pohľadnica prešla poštou.  |0 0  |1 0  |4 0  |d 2020-10-21  |f 1  |l 0  |r 2026-02-24 05:33:38  |w 2026-02-24